Writing research papers across the curriculum
Gardado en:
| Autor Principal: | |
|---|---|
| Formato: | Libro |
| Idioma: | Undetermined |
| Publicado: |
Fort Worth, Texas
Harcourt Brace Jovanovich
1982
|
| Những chủ đề: | |
| Các nhãn: |
Engadir etiqueta
Sen Etiquetas, Sexa o primeiro en etiquetar este rexistro!
|
| Thư viện lưu trữ: | Trung tâm Học liệu Trường Đại học Cần Thơ |
|---|
| LEADER | 00579nam a2200181Ia 4500 | ||
|---|---|---|---|
| 001 | CTU_43296 | ||
| 008 | 210402s9999 xx 000 0 und d | ||
| 082 | |a 808.02 | ||
| 082 | |b H875 | ||
| 100 | |a Susan M Hubbuch | ||
| 245 | 0 | |a Writing research papers across the curriculum | |
| 245 | 0 | |c Susan M Hubbuch | |
| 260 | |a Fort Worth, Texas | ||
| 260 | |b Harcourt Brace Jovanovich | ||
| 260 | |c 1982 | ||
| 650 | |a english language - rhetoric,interdisciplinary approach in education,report writing | ||
| 904 | |i Minh, 010905 | ||
| 980 | |a Trung tâm Học liệu Trường Đại học Cần Thơ | ||